| 000 | 00507nam a22002177a 4500 | ||
|---|---|---|---|
| 003 | Nust | ||
| 005 | 20210813122200.0 | ||
| 008 | 170110b xxu||||| |||| 00| 0 eng d | ||
| 020 | _a0070447438 | ||
| 038 | _akhadija | ||
| 040 | _cC | ||
| 082 |
_a004 _bNOR |
||
| 100 |
_aNORTON'S _981526 |
||
| 245 | _aINTRODUCTION TO COMPUTERS \ | ||
| 250 | _a4rth ed. | ||
| 260 |
_aNew Delhi: _bMcGraw-Hill; _c2001. |
||
| 300 |
_a610p: , _b27 cm. |
||
| 500 | _apaperback. | ||
| 563 | _apaper back | ||
| 942 |
_cBK _2ddc |
||
| 999 |
_c31764 _d31764 |
||